000 00718nam a2200289Ia 4500
005 20260324112029.0
008 008 260324s9999 xx 000 0 eng d
020 _a9781032623771
037 _aEBOOK
040 _aCRL
040 _beng
040 _cCRL
041 _2eng
041 _aeng
084 _qCRL
100 _aJonathan Jacobs; Heinz-Dieter Meyer
_91141017
245 0 _aMoral Agency in Eastern and Western Thought
245 0 _bPerspectives on Crafting Character
260 _bTaylor and Francis
260 _c2024
365 _a
365 _b205
856 _uhttp://www.taylorfrancis.com/books/9781032623771
942 _cEBOOK
999 _c1730056
_d1730056